[Event "Winnipeg TNT August op"]
[Site "Winnipeg CAN"]
[Date "2008.08.19"]
[Round "3"]
[White "Green, Jim"]
[Black "Wasserman, Leor"]
[Result "1-0"]
[WhiteElo "1704"]
[BlackElo "1459"]
[PlyCount "81"]
[GameId "2160767910336838"]
[EventDate "2008.08.05"]
[EventType "swiss"]
[EventRounds "4"]
[EventCountry "CAN"]
[SourceTitle "EXT 2011"]
[Source "ChessBase"]
[SourceDate "2011.11.26"]
[SourceVersion "1"]
[SourceVersionDate "2011.11.26"]
[SourceQuality "1"]

1. e4 c5 2. Nf3 d6 3. Bb5+ Bd7 4. Bxd7+ Qxd7 5. Qe2 Nc6 6. O-O e6 7. Rd1 Nf6 8. d4 cxd4 9. Nxd4 Be7 10. Nc3 O-O 11. Be3 Rac8 12. f4 a6 13. Nf3 Qc7 14. Ne1 b5 15. a3 Rfd8 16. Kh1 Na5 17. Nd3 Nc4 18. Bc1 Nd7 19. f5 exf5 20. Nd5 Qa7 21. Nxe7+ Kf8 22. Nxc8 Rxc8 23. b3 Nce5 24. Nxe5 Nxe5 25. Bf4 Ng4 26. Bxd6+ Kg8 27. Bg3 h5 28. h3 Ne3 29. Bf2 f4 30. Bxe3 fxe3 31. Rac1 g6 32. Rd3 Qe7 33. b4 Qxe4 34. Rxe3 Qc6 35. Qf3 Qc4 36. Re4 Qa2 37. Qe3 Kh7 38. Re8 Rc4 39. Qe5 f6 40. Qxf6 Qb2 41. Rh8# 1-0

[Event "Winnipeg TNT August op"]
[Site "Winnipeg CAN"]
[Date "2008.08.19"]
[Round "3"]
[White "Nikouline, Alexandre"]
[Black "Kernetsky, Myron"]
[Result "1-0"]
[WhiteElo "2088"]
[BlackElo "1950"]
[PlyCount "77"]
[GameId "2160767910336839"]
[EventDate "2008.08.05"]
[EventType "swiss"]
[EventRounds "4"]
[EventCountry "CAN"]
[SourceTitle "EXT 2011"]
[Source "ChessBase"]
[SourceDate "2011.11.26"]
[SourceVersion "1"]
[SourceVersionDate "2011.11.26"]
[SourceQuality "1"]

1. e4 e6 2. d4 d5 3. e5 c5 4. c3 Nc6 5. Nf3 Qb6 6. a3 c4 7. Be2 Bd7 8. O-O Nge7 9. Nbd2 Na5 10. Qc2 Ng6 11. g3 Be7 12. h4 f6 13. h5 Nf8 14. h6 gxh6 15. exf6 Bxf6 16. Ne5 Bxe5 17. Bh5+ Kd8 18. dxe5 Kc7 19. Nf3 Nb3 20. Be3 Qa6 21. Rae1 Ba4 22. Qe2 Be8 23. Nd4 Nxd4 24. cxd4 Qb5 25. Bxh6 Rg8 26. Bd2 b6 27. Bb4 Kb7 28. Qf3 Ng6 29. b3 Rc8 30. bxc4 Rxc4 31. Qf6 Qd7 32. Be2 Rc8 33. Rc1 Bf7 34. Bb5 Qxb5 35. Qxf7+ Ka6 36. Rxc8 Rxc8 37. Qxh7 Qd3 38. Qf7 Rf8 39. Bxf8 1-0

[Event "Winnipeg TNT August op"]
[Site "Winnipeg CAN"]
[Date "2008.08.19"]
[Round "3"]
[White "Pang, Michael"]
[Black "Letain, Cory"]
[Result "1/2-1/2"]
[WhiteElo "1436"]
[BlackElo "1509"]
[PlyCount "144"]
[GameId "2160767910336840"]
[EventDate "2008.08.05"]
[EventType "swiss"]
[EventRounds "4"]
[EventCountry "CAN"]
[SourceTitle "EXT 2011"]
[Source "ChessBase"]
[SourceDate "2011.11.26"]
[SourceVersion "1"]
[SourceVersionDate "2011.11.26"]
[SourceQuality "1"]

1. e4 e5 2. Nf3 Nf6 3. Nxe5 d6 4. Nf3 Nxe4 5. d4 d5 6. Nbd2 Nc6 7. Bd3 Bf5 8. Qe2 Qe7 9. a3 O-O-O 10. O-O Kb8 11. Re1 Re8 12. c4 Qe6 13. Qe3 Nxd2 14. Qxd2 Be4 15. Bxe4 dxe4 16. d5 Qc8 17. Ng5 Ne5 18. Qd4 Qg4 19. Kh1 f5 20. f3 Qh4 21. g3 Qh5 22. fxe4 Nf3 23. Nxf3 Qxf3+ 24. Kg1 Rxe4 25. Rxe4 Qxe4 26. Qxe4 fxe4 27. Be3 g6 28. Bd4 Rg8 29. Re1 Bg7 30. Bxg7 Rxg7 31. Rxe4 b6 32. Kf2 Rf7+ 33. Ke3 Rf1 34. Rf4 Rb1 35. Rf2 Rc1 36. Kd3 Rd1+ 37. Kc2 Rd4 38. Kc3 Rd1 39. Rf8+ Kb7 40. Rf7 Rc1+ 41. Kd3 Rd1+ 42. Kc2 Rd4 43. Kc3 Rd1 44. Rxh7 Rc1+ 45. Kb3 Rd1 46. Rg7 Rd3+ 47. Kc2 Rd4 48. b3 b5 49. Kc3 Rd1 50. Rxg6 bxc4 51. bxc4 a5 52. Re6 Rf1 53. Re2 Rf3+ 54. Kb2 Kb6 55. Rc2 Rd3 56. Rc3 Rd2+ 57. Rc2 Rd3 58. a4 Kc5 59. g4 Rd4 60. h3 Rd3 61. Rc3 Rd2+ 62. Kb3 Rd1 63. g5 Rb1+ 64. Kc2 Rb4 65. g6 Rxa4 66. g7 Ra2+ 67. Kb3 Rg2 68. Ka4 Rxg7 69. Kxa5 c6 70. Ka4 cxd5 71. cxd5+ Kxd5 72. h4 Rg4+ 1/2-1/2

[Event "Winnipeg TNT August op"]
[Site "Winnipeg CAN"]
[Date "2008.08.19"]
[Round "3"]
[White "Rutter, Blair"]
[Black "Evans, Brian"]
[Result "1-0"]
[WhiteElo "1875"]
[BlackElo "1516"]
[PlyCount "63"]
[GameId "2160767910336841"]
[EventDate "2008.08.05"]
[EventType "swiss"]
[EventRounds "4"]
[EventCountry "CAN"]
[SourceTitle "EXT 2011"]
[Source "ChessBase"]
[SourceDate "2011.11.26"]
[SourceVersion "1"]
[SourceVersionDate "2011.11.26"]
[SourceQuality "1"]

1. c4 Nf6 2. g3 e6 3. Bg2 d5 4. d3 c6 5. Nc3 d4 6. Ne4 Nxe4 7. Bxe4 Bb4+ 8. Bd2 Qa5 9. Bg2 Bxd2+ 10. Qxd2 Qxd2+ 11. Kxd2 Na6 12. Nf3 c5 13. Rhb1 Rb8 14. a3 b5 15. b3 O-O 16. Ne5 f6 17. Nc6 Rb6 18. Nxa7 Bd7 19. cxb5 Bxb5 20. Nxb5 Rxb5 21. Ra2 Rfb8 22. Rab2 Ra5 23. a4 Nb4 24. e4 Nc6 25. f4 e5 26. Bh3 Nd8 27. Bd7 exf4 28. gxf4 Ra7 29. Bb5 Kf8 30. Rc2 Rc8 31. Rbc1 Nb7 32. b4 1-0

[Event "Winnipeg TNT August op"]
[Site "Winnipeg CAN"]
[Date "2008.08.19"]
[Round "3"]
[White "Wasserman, Arie"]
[Black "Khedkar, Jay S"]
[Result "1/2-1/2"]
[WhiteElo "1653"]
[BlackElo "1911"]
[PlyCount "87"]
[GameId "2160767910336842"]
[EventDate "2008.08.05"]
[EventType "swiss"]
[EventRounds "4"]
[EventCountry "CAN"]
[SourceTitle "EXT 2011"]
[Source "ChessBase"]
[SourceDate "2011.11.26"]
[SourceVersion "1"]
[SourceVersionDate "2011.11.26"]
[SourceQuality "1"]

1. e4 c5 2. Nf3 e6 3. Nc3 Nc6 4. Bb5 Nge7 5. d3 g6 6. Bg5 Bg7 7. Bxc6 bxc6 8. Qd2 d6 9. Bh6 O-O 10. Bxg7 Kxg7 11. Qe3 e5 12. O-O f5 13. exf5 Nxf5 14. Qe4 Rb8 15. b3 Nd4 16. Nxd4 cxd4 17. Na4 Rf4 18. Qe2 Qg5 19. f3 Be6 20. Nb2 h5 21. Nc4 Rd8 22. Rae1 Bxc4 23. bxc4 h4 24. Qf2 Rdf8 25. Qe2 c5 26. Kh1 Qd8 27. Qd2 h3 28. Re4 hxg2+ 29. Qxg2 Qf6 30. Rxf4 Qxf4 31. Qg3 Qe3 32. Qf2 Rb8 33. Qh4 g5 34. Qg4 Rf8 35. h4 Qf4 36. Rg1 Rf5 37. Qxf4 exf4 38. Rxg5+ Rxg5 39. hxg5 Kg6 40. Kg2 Kxg5 41. Kh3 Kh5 42. a4 Kg5 43. a5 a6 44. Kh2 1/2-1/2

[Event "Winnipeg TNT August op"]
[Site "Winnipeg CAN"]
[Date "2008.08.19"]
[Round "3"]
[White "Wiebe, Daniel"]
[Black "Mundwiler, Les"]
[Result "0-1"]
[WhiteElo "1790"]
[BlackElo "1989"]
[PlyCount "94"]
[GameId "2160767910336843"]
[EventDate "2008.08.05"]
[EventType "swiss"]
[EventRounds "4"]
[EventCountry "CAN"]
[SourceTitle "EXT 2011"]
[Source "ChessBase"]
[SourceDate "2011.11.26"]
[SourceVersion "1"]
[SourceVersionDate "2011.11.26"]
[SourceQuality "1"]

1. e4 e5 2. Nf3 Nc6 3. Bc4 Nf6 4. Nc3 Be7 5. a3 Nxe4 6. Nxe4 d5 7. Bxd5 Qxd5 8. d3 Bg4 9. Be3 Nd4 10. Bxd4 exd4 11. Qe2 O-O-O 12. O-O-O f5 13. Ned2 Bg5 14. Kb1 Rhe8 15. Qf1 Bxd2 16. Rxd2 Bxf3 17. gxf3 Qxf3 18. Qd1 Qxd1+ 19. Rdxd1 Re2 20. Rhf1 Rde8 21. Kc1 R8e6 22. Rd2 Re1+ 23. Rxe1 Rxe1+ 24. Rd1 Rxd1+ 25. Kxd1 Kd7 26. f4 Ke6 27. Ke2 a5 28. c3 a4 29. cxd4 Kd5 30. Ke3 c6 31. h3 b6 32. h4 g6 33. Kd2 Kxd4 34. Ke2 c5 35. Kd2 b5 36. Kc2 c4 37. dxc4 Kxc4 38. Kd2 Kd4 39. Kc2 Ke4 40. Kc3 Kxf4 41. Kb4 Ke3 42. Kxb5 f4 43. Kxa4 f3 44. Ka5 f2 45. b4 f1=Q 46. b5 Kd4 47. a4 Kc5 0-1

[Event "Winnipeg TNT August op"]
[Site "Winnipeg CAN"]
[Date "2008.08.26"]
[Round "4"]
[White "Babb, Jeff"]
[Black "Green, Jim"]
[Result "1-0"]
[WhiteElo "2131"]
[BlackElo "1704"]
[PlyCount "103"]
[GameId "2160767910336845"]
[EventDate "2008.08.05"]
[EventType "swiss"]
[EventRounds "4"]
[EventCountry "CAN"]
[SourceTitle "EXT 2011"]
[Source "ChessBase"]
[SourceDate "2011.11.26"]
[SourceVersion "1"]
[SourceVersionDate "2011.11.26"]
[SourceQuality "1"]

1. d4 d5 2. c4 c6 3. cxd5 cxd5 4. Nc3 Nf6 5. Nf3 g6 6. Bf4 a6 7. Rc1 Nc6 8. Ne5 Bd7 9. e3 e6 10. h4 Bg7 11. Nxd7 Nxd7 12. h5 O-O 13. hxg6 fxg6 14. Qg4 Qe8 15. Qh3 Nf6 16. g4 Rd8 17. Be2 e5 18. dxe5 Nxe5 19. g5 Nh5 20. Bxe5 Bxe5 21. Bxh5 gxh5 22. Qxh5 Qxh5 23. Rxh5 Rfe8 24. Kf1 d4 25. exd4 Bxd4 26. Rh3 Ba7 27. Rc2 Bb8 28. Re2 Rxe2 29. Kxe2 Kg7 30. Ne4 Be5 31. b3 b6 32. Rh6 Bd4 33. f4 Rf8 34. Kd3 Rd8 35. Rd6 Rxd6 36. Nxd6 Bc5 37. Ne4 Ba3 38. f5 Kf7 39. Kc4 Bc1 40. Kd5 h5 41. gxh6 Bxh6 42. Kc6 Be3 43. Kb7 a5 44. a4 Bd4 45. Kc6 Be3 46. Nc3 Bf2 47. Nd5 Bd4 48. Nxb6 Kf6 49. Nc4 Kxf5 50. Nxa5 Ke6 51. Nc4 Bc3 52. a5 1-0

[Event "Winnipeg TNT August op"]
[Site "Winnipeg CAN"]
[Date "2008.08.26"]
[Round "4"]
[White "Evans, Brian"]
[Black "Wood, Nathaniel"]
[Result "0-1"]
[WhiteElo "1516"]
[BlackElo "1569"]
[PlyCount "88"]
[GameId "2160767910336846"]
[EventDate "2008.08.05"]
[EventType "swiss"]
[EventRounds "4"]
[EventCountry "CAN"]
[SourceTitle "EXT 2011"]
[Source "ChessBase"]
[SourceDate "2011.11.26"]
[SourceVersion "1"]
[SourceVersionDate "2011.11.26"]
[SourceQuality "1"]

1. e4 c5 2. Nf3 d6 3. d4 cxd4 4. Nxd4 Nf6 5. Nc3 a6 6. Be2 e5 7. Nb3 Be7 8. Be3 Be6 9. f3 O-O 10. O-O d5 11. exd5 Nxd5 12. Nxd5 Bxd5 13. c4 Be6 14. Qxd8 Rxd8 15. Na5 Nd7 16. b3 Bb4 17. Nxb7 Rdb8 18. a3 Bc3 19. Rac1 Bb2 20. Rb1 Bxa3 21. Na5 Bf5 22. Rbd1 Nc5 23. Rd5 Nxb3 24. Rxe5 Bg6 25. f4 f6 26. Bf3 fxe5 27. Bxa8 Nxa5 28. Bd5+ Kh8 29. fxe5 Rb1 30. Rxb1 Bxb1 31. e6 Nb3 32. Bg5 Bg6 33. Bc6 Nd4 34. Bd7 Bf5 35. Bc8 Nxe6 36. Bd2 Bc5+ 37. Kh1 Nd4 38. Bxa6 Be4 39. Be3 h5 40. h3 Ne6 41. Bxc5 Nxc5 42. Bb5 Bd3 43. g3 Nb7 44. Ba6 Na5 0-1

[Event "Winnipeg TNT August op"]
[Site "Winnipeg CAN"]
[Date "2008.08.26"]
[Round "4"]
[White "Green, Leah"]
[Black "Wasserman, Leor"]
[Result "0-1"]
[WhiteElo "1187"]
[BlackElo "1459"]
[PlyCount "36"]
[GameId "2160767910336847"]
[EventDate "2008.08.05"]
[EventType "swiss"]
[EventRounds "4"]
[EventCountry "CAN"]
[SourceTitle "EXT 2011"]
[Source "ChessBase"]
[SourceDate "2011.11.26"]
[SourceVersion "1"]
[SourceVersionDate "2011.11.26"]
[SourceQuality "1"]

1. e4 e5 2. Nf3 Nc6 3. d4 exd4 4. Nxd4 Nf6 5. Nc3 Bb4 6. f3 O-O 7. Bd2 Nxd4 8. a3 Be7 9. Bg5 Nc6 10. Bb5 h6 11. Bh4 d6 12. f4 Ng4 13. Bxe7 Qxe7 14. g3 f5 15. Bc4+ Kh8 16. Bd5 Ne3 17. Qe2 Nd4 18. Qd2 Nf3+ 0-1

[Event "Winnipeg TNT August op"]
[Site "Winnipeg CAN"]
[Date "2008.08.26"]
[Round "4"]
[White "Greenberg, Harley"]
[Black "Rutter, Blair"]
[Result "0-1"]
[WhiteElo "1709"]
[BlackElo "1875"]
[PlyCount "96"]
[GameId "2160767910336848"]
[EventDate "2008.08.05"]
[EventType "swiss"]
[EventRounds "4"]
[EventCountry "CAN"]
[SourceTitle "EXT 2011"]
[Source "ChessBase"]
[SourceDate "2011.11.26"]
[SourceVersion "1"]
[SourceVersionDate "2011.11.26"]
[SourceQuality "1"]

1. d4 e6 2. c4 f5 3. Nf3 Nf6 4. g3 Be7 5. Bg2 O-O 6. O-O c6 7. c5 Na6 8. Nc3 d6 9. cxd6 Bxd6 10. a3 Nc7 11. b4 Qe7 12. Bb2 Bd7 13. Ne5 Rae8 14. Rc1 Ncd5 15. Qd2 Bxe5 16. dxe5 Ng4 17. Qd4 Rd8 18. h3 Nh6 19. f4 b6 20. e4 fxe4 21. Bxe4 Nf5 22. Bxf5 Rxf5 23. Ne4 Nc7 24. Nd6 Rff8 25. a4 Na6 26. Qc4 Nc7 27. Rfd1 Nd5 28. Bd4 Nxf4 29. Kh2 Nd5 30. a5 b5 31. Qb3 a6 32. Bc5 Qg5 33. Re1 Qd2+ 34. Kh1 Qh6 35. h4 Qh5 36. Rf1 Qxe5 37. Nb7 Qe4+ 38. Kg1 Rxf1+ 39. Rxf1 Rb8 40. Bd6 Rc8 41. Nc5 Qd4+ 42. Kh1 Nf6 43. Be7 Qd5+ 44. Qxd5 Nxd5 45. Bd6 Nf6 46. Be7 Be8 47. Nxe6 Bf7 48. Nxg7 Ne4 0-1

[Event "Winnipeg TNT August op"]
[Site "Winnipeg CAN"]
[Date "2008.08.26"]
[Round "4"]
[White "Kernetsky, Myron"]
[Black "Green, Aaron"]
[Result "1/2-1/2"]
[WhiteElo "1950"]
[BlackElo "1715"]
[PlyCount "64"]
[GameId "2160767910336849"]
[EventDate "2008.08.05"]
[EventType "swiss"]
[EventRounds "4"]
[EventCountry "CAN"]
[SourceTitle "EXT 2011"]
[Source "ChessBase"]
[SourceDate "2011.11.26"]
[SourceVersion "1"]
[SourceVersionDate "2011.11.26"]
[SourceQuality "1"]

1. d4 Nf6 2. c4 g6 3. Nc3 Bg7 4. e4 d6 5. Nf3 O-O 6. h3 Nbd7 7. Bg5 h6 8. Be3 e5 9. Qd2 exd4 10. Nxd4 Nc5 11. f3 Nh7 12. O-O-O h5 13. g4 h4 14. Be2 Re8 15. Kb1 f6 16. Bf2 g5 17. Nf5 Bxf5 18. gxf5 b6 19. Rhg1 a5 20. Nd5 Kh8 21. Bd4 a4 22. Qc3 Nd7 23. Qc2 Nc5 24. Ne3 Ra7 25. Ng4 Qe7 26. Ne3 Qd8 27. Nd5 Ra8 28. Bd3 Ra7 29. Qg2 Rg8 30. Qg4 Qe8 31. Bc2 Qf7 32. Bc3 Nd7 1/2-1/2

[Event "Winnipeg TNT August op"]
[Site "Winnipeg CAN"]
[Date "2008.08.26"]
[Round "4"]
[White "Khedkar, Jay S"]
[Black "Bince, Rolando"]
[Result "1-0"]
[WhiteElo "1911"]
[BlackElo "1936"]
[PlyCount "98"]
[GameId "2160767910336850"]
[EventDate "2008.08.05"]
[EventType "swiss"]
[EventRounds "4"]
[EventCountry "CAN"]
[SourceTitle "EXT 2011"]
[Source "ChessBase"]
[SourceDate "2011.11.26"]
[SourceVersion "1"]
[SourceVersionDate "2011.11.26"]
[SourceQuality "1"]

1. e4 c6 2. d4 d5 3. Nc3 dxe4 4. Nxe4 Bf5 5. Ng3 Bg6 6. h4 h5 7. Nf3 Nd7 8. Bd3 Bxd3 9. Qxd3 Ngf6 10. Bd2 e6 11. O-O-O Ng4 12. Qe2 Qb6 13. Bf4 Be7 14. Ne4 O-O-O 15. Nfg5 e5 16. Bg3 Rhf8 17. f3 Nh6 18. dxe5 Nf5 19. Bf4 Qa5 20. Nc3 Bxg5 21. hxg5 Nc5 22. Qc4 Ne6 23. Kb1 g6 24. b4 Qc7 25. b5 cxb5 26. Qxc7+ Kxc7 27. Bc1 Kc6 28. Ne4 Nc5 29. Ba3 Nxe4 30. fxe4 Rxd1+ 31. Rxd1 Ne3 32. Rd3 Re8 33. Rxe3 Rxe5 34. Bc1 b4 35. Re2 a5 36. Bf4 Re6 37. Kc1 Kc5 38. Kd2 Kc4 39. e5 Kd4 40. Re3 b5 41. Bh2 Re7 42. Rf3 a4 43. Rf6 Ke4 44. Rf4+ Kd5 45. Rxb4 Rb7 46. Kd3 Kc5 47. a3 Rd7+ 48. Ke2 Rd5 49. Re4 Rd4 1-0

[Event "Winnipeg TNT August op"]
[Site "Winnipeg CAN"]
[Date "2008.08.26"]
[Round "4"]
[White "Mundwiler, Les"]
[Black "Nikouline, Alexandre"]
[Result "0-1"]
[WhiteElo "1989"]
[BlackElo "2088"]
[PlyCount "122"]
[GameId "2160767910336851"]
[EventDate "2008.08.05"]
[EventType "swiss"]
[EventRounds "4"]
[EventCountry "CAN"]
[SourceTitle "EXT 2011"]
[Source "ChessBase"]
[SourceDate "2011.11.26"]
[SourceVersion "1"]
[SourceVersionDate "2011.11.26"]
[SourceQuality "1"]

1. e4 c5 2. Nc3 Nc6 3. Nge2 g6 4. g3 Bg7 5. Bg2 Nf6 6. O-O d6 7. d3 Bd7 8. Nd5 Nxd5 9. exd5 Ne5 10. h3 f5 11. f4 Nf7 12. c3 O-O 13. Be3 Qc7 14. d4 c4 15. Kh2 Bf6 16. Qd2 h5 17. Ng1 h4 18. Qf2 hxg3+ 19. Qxg3 Kg7 20. Nf3 Rh8 21. Rad1 Qa5 22. a3 Rh6 23. Ng5 Rah8 24. Ne6+ Kh7 25. Rg1 Bh4 26. Qf3 Rh5 27. Bf1 Nh6 28. Rd2 Bxe6 29. dxe6 Be1 30. Qxb7 Qd8 31. Re2 Ng4+ 32. Kg2 Nxe3+ 33. Rxe3 Bd2 34. Rf3 d5 35. Kf2 Qd6 36. Qd7 Bxf4 37. Qxd6 Bxd6 38. Bg2 Rb8 39. Re1 Rxb2+ 40. Re2 Rb3 41. Ra2 Kg7 42. Bf1 Kf6 43. Be2 Kxe6 44. Re3+ Kf6 45. Bxh5 gxh5 46. a4 f4 47. Rf3 Kf5 48. Kg2 Ba3 49. Re2 Bd6 50. Ra2 e5 51. dxe5 Bxe5 52. Rd2 Ke6 53. Re2 Kd6 54. Rc2 Ra3 55. Rb2 Rxc3 56. Rb7 Rc2+ 57. Kf1 d4 58. Rxa7 d3 59. Ra8 Kd5 60. Rd8+ Ke4 61. Rf2 c3 0-1

[Event "Winnipeg TNT August op"]
[Site "Winnipeg CAN"]
[Date "2008.08.26"]
[Round "4"]
[White "Oberton, Daniel"]
[Black "Wasserman, Arie"]
[Result "1-0"]
[WhiteElo "1928"]
[BlackElo "1653"]
[PlyCount "81"]
[GameId "2160767910336852"]
[EventDate "2008.08.05"]
[EventType "swiss"]
[EventRounds "4"]
[EventCountry "CAN"]
[SourceTitle "EXT 2011"]
[Source "ChessBase"]
[SourceDate "2011.11.26"]
[SourceVersion "1"]
[SourceVersionDate "2011.11.26"]
[SourceQuality "1"]

1. e4 e5 2. f4 exf4 3. Nf3 Nc6 4. d4 d6 5. Bxf4 h6 6. Bc4 Bg4 7. O-O Nf6 8. Nc3 a6 9. Qd2 Be7 10. e5 dxe5 11. Nxe5 Qxd4+ 12. Qxd4 Nxd4 13. Bxf7+ Kf8 14. Nxg4 Kxf7 15. Ne5+ Ke8 16. Ng6 Rh7 17. Rae1 Nc6 18. Nxe7 Nxe7 19. Bxc7 Kd7 20. Be5 Rf8 21. Ne4 Ned5 22. c4 Re8 23. Bxf6 Nxf6 24. Nxf6+ gxf6 25. Rxe8 Kxe8 26. Rxf6 Ke7 27. Rb6 Kd8 28. b3 Kc7 29. Rf6 b5 30. Kf2 Rd7 31. Re6 Rd2+ 32. Re2 Rd7 33. Kg3 Rd4 34. Kf3 Kd6 35. h3 h5 36. g4 Rd3+ 37. Re3 Rd4 38. g5 Rd1 39. Kg3 Rd4 40. g6 Rd1 41. Kh4 1-0

[Event "Winnipeg TNT August op"]
[Site "Winnipeg CAN"]
[Date "2008.08.26"]
[Round "4"]
[White "Swift, Ryne"]
[Black "Pang, Michael"]
[Result "1-0"]
[WhiteElo "1425"]
[BlackElo "1436"]
[PlyCount "107"]
[GameId "2160767910336853"]
[EventDate "2008.08.05"]
[EventType "swiss"]
[EventRounds "4"]
[EventCountry "CAN"]
[SourceTitle "EXT 2011"]
[Source "ChessBase"]
[SourceDate "2011.11.26"]
[SourceVersion "1"]
[SourceVersionDate "2011.11.26"]
[SourceQuality "1"]

1. e4 c5 2. Nf3 d6 3. d4 cxd4 4. Nxd4 Nf6 5. Nc3 a6 6. Be3 g6 7. f3 Bg7 8. Qd2 Nc6 9. O-O-O O-O 10. Kb1 Bd7 11. g4 Qc7 12. h4 Ne5 13. h5 Rac8 14. h6 Bh8 15. g5 Nh5 16. Nd5 Qd8 17. f4 Nc4 18. Bxc4 Rxc4 19. Rh4 e6 20. Nc3 Nxf4 21. Bxf4 Rxd4 22. Qe2 Rxd1+ 23. Nxd1 e5 24. Be3 Bc6 25. Nc3 f6 26. gxf6 Bxf6 27. Rg4 Qe8 28. Qf1 Qe6 29. Qg2 Bd7 30. Rg3 Qf7 31. Kc1 Bd8 32. Qh2 Ba5 33. Qd2 Qe7 34. Qd5+ Be6 35. Qxa5 Rf1+ 36. Kd2 Qh4 37. Rg2 Bc4 38. Re2 Bxe2 39. Kxe2 Qe1+ 40. Kd3 Rf3 41. Qd8+ Kf7 42. Qd7+ Kf8 43. Qxd6+ Kg8 44. Qe6+ Kf8 45. Nd5 Qd1+ 46. Kc3 Qd4+ 47. Kb3 Rxe3+ 48. Nxe3 Qxe3+ 49. c3 Qxe4 50. Qf6+ Ke8 51. Qh8+ Kd7 52. Qxh7+ Kc6 53. Qf7 b5 54. a3 1-0

[Event "Winnipeg TNT February op"]
[Site "Winnipeg CAN"]
[Date "2008.02.05"]
[Round "1"]
[White "Crawford, Gary"]
[Black "Wiebe, Daniel"]
[Result "0-1"]
[WhiteElo "1326"]
[BlackElo "1848"]
[PlyCount "49"]
[GameId "2160767910413596"]
[EventDate "2008.02.05"]
[EventType "swiss"]
[EventRounds "4"]
[EventCountry "CAN"]
[SourceTitle "EXT 2011"]
[Source "ChessBase"]
[SourceDate "2011.11.26"]
[SourceVersion "1"]
[SourceVersionDate "2011.11.26"]
[SourceQuality "1"]

1. e4 e5 2. Nf3 Nc6 3. Bb5 a6 4. Ba4 d6 5. h3 Be6 6. d4 b5 7. Bxb5 axb5 8. d5 Bd7 9. dxc6 Bxc6 10. Nc3 Nf6 11. Qe2 b4 12. Nd5 Bxd5 13. exd5 Qd7 14. Qc4 Rb8 15. a4 bxa3 16. bxa3 Rb5 17. Qe2 Rxd5 18. a4 Ra5 19. Qc4 e4 20. Nd4 d5 21. Qb3 Be7 22. Qb8+ Bd8 23. Nb5 O-O 24. Bd2 c6 25. Bxa5 0-1

[Event "Winnipeg TNT February op"]
[Site "Winnipeg CAN"]
[Date "2008.02.05"]
[Round "1"]
[White "Evans, Brian"]
[Black "Tang, Edward"]
[Result "0-1"]
[WhiteElo "1490"]
[BlackElo "1970"]
[PlyCount "52"]
[GameId "2160767910413597"]
[EventDate "2008.02.05"]
[EventType "swiss"]
[EventRounds "4"]
[EventCountry "CAN"]
[SourceTitle "EXT 2011"]
[Source "ChessBase"]
[SourceDate "2011.11.26"]
[SourceVersion "1"]
[SourceVersionDate "2011.11.26"]
[SourceQuality "1"]

1. e4 e5 2. Nf3 Nc6 3. Bb5 a6 4. Ba4 Nf6 5. O-O b5 6. Bb3 Bb7 7. Ng5 d5 8. exd5 Nd4 9. Nc3 Nxb3 10. axb3 b4 11. Nce4 Nxe4 12. Nxe4 Qxd5 13. Re1 O-O-O 14. Qg4+ Kb8 15. Re3 Be7 16. d3 g6 17. Qh3 f5 18. Nd2 g5 19. Nc4 g4 20. Qg3 f4 21. Rxe5 fxg3 22. Rxd5 gxh2+ 23. Kxh2 Rxd5 24. Bf4 Rf5 25. g3 Rh5+ 26. Kg1 Rh1# 0-1

[Event "Winnipeg TNT February op"]
[Site "Winnipeg CAN"]
[Date "2008.02.05"]
[Round "1"]
[White "Fromme, Simon"]
[Black "Campbell, Gary"]
[Result "1-0"]
[WhiteElo "2091"]
[BlackElo "1637"]
[PlyCount "41"]
[GameId "2160767910413598"]
[EventDate "2008.02.05"]
[EventType "swiss"]
[EventRounds "4"]
[EventCountry "CAN"]
[SourceTitle "EXT 2011"]
[Source "ChessBase"]
[SourceDate "2011.11.26"]
[SourceVersion "1"]
[SourceVersionDate "2011.11.26"]
[SourceQuality "1"]

1. e4 c5 2. Nf3 Nc6 3. d4 cxd4 4. Nxd4 Nf6 5. Nc3 e5 6. Ndb5 d6 7. Bg5 a6 8. Na3 b5 9. Bxf6 gxf6 10. Nd5 Bg7 11. c3 f5 12. Bd3 Be6 13. Nc2 fxe4 14. Bxe4 O-O 15. Nde3 Rc8 16. Qh5 h6 17. Nf5 Bxf5 18. Qxf5 Re8 19. Ne3 Qf6 20. Rd1 Qxf5 21. Nxf5 1-0

[Event "Winnipeg TNT February op"]
[Site "Winnipeg CAN"]
[Date "2008.02.05"]
[Round "1"]
[White "Gibbons, Lorne"]
[Black "Greenberg, Harley"]
[Result "1/2-1/2"]
[WhiteElo "1227"]
[BlackElo "1784"]
[PlyCount "68"]
[GameId "2160767910413599"]
[EventDate "2008.02.05"]
[EventType "swiss"]
[EventRounds "4"]
[EventCountry "CAN"]
[SourceTitle "EXT 2011"]
[Source "ChessBase"]
[SourceDate "2011.11.26"]
[SourceVersion "1"]
[SourceVersionDate "2011.11.26"]
[SourceQuality "1"]

1. d4 Nf6 2. c4 g6 3. Nc3 d5 4. Bf4 Bg7 5. Nf3 a6 6. e3 O-O 7. Bd3 c6 8. O-O Nbd7 9. Qb3 dxc4 10. Bxc4 Nb6 11. Bxf7+ Kh8 12. Ne5 Nh5 13. Bxg6 Nxf4 14. Nf7+ Rxf7 15. Bxf7 Nfd5 16. Rac1 e5 17. dxe5 Bxe5 18. Rfd1 Qg5 19. Nxd5 Bh3 20. g3 Qg4 21. Nxb6 Rf8 22. Bd5 cxd5 23. Qxd5 Qg7 24. Nd7 Bxd7 25. Qxd7 Qf6 26. Qd2 h5 27. b3 h4 28. f4 Bb8 29. Qd4 Qxd4 30. Rxd4 Ba7 31. Re4 h3 32. Re5 Rd8 33. Rh5+ Kg7 34. Rxh3 Bxe3+ 1/2-1/2

[Event "Winnipeg TNT February op"]
[Site "Winnipeg CAN"]
[Date "2008.02.05"]
[Round "1"]
[White "Khedkar, Jay S"]
[Black "Gibson, Fred"]
[Result "1-0"]
[WhiteElo "1874"]
[BlackElo "1368"]
[PlyCount "25"]
[GameId "2160767910413600"]
[EventDate "2008.02.05"]
[EventType "swiss"]
[EventRounds "4"]
[EventCountry "CAN"]
[SourceTitle "EXT 2011"]
[Source "ChessBase"]
[SourceDate "2011.11.26"]
[SourceVersion "1"]
[SourceVersionDate "2011.11.26"]
[SourceQuality "1"]

1. e4 d6 2. d4 Nf6 3. Nc3 g6 4. Bc4 Bg7 5. Qe2 e5 6. dxe5 dxe5 7. Nf3 Nc6 8. Be3 Nd7 9. O-O-O O-O 10. h4 Qe7 11. Nd5 Qd8 12. Bg5 f6 13. Nxf6+ 1-0